Normal view
MARC view
- Construction Engineering and Management - MS Thesis
Entry Topical Term
001 - CONTROL NUMBER
- control field: 17023
003 - CONTROL NUMBER IDENTIFIER
- control field: NUST
005 - DATE AND TIME OF LATEST TRANSACTION
- control field: 20190708070516.0
008 - FIXED-LENGTH DATA ELEMENTS
- fixed length control field: 190708|| aca||aabn | a|a d
040 ## - CATALOGING SOURCE
- Original cataloging agency: NUST
- Transcribing agency: NUST
150 ## - HEADING--TOPICAL TERM
- Topical term or geographic name entry element: Construction Engineering and Management - MS Thesis
670 ## - SOURCE DATA FOUND
- Source citation: Work cat.: (NUST): Hussain, Shahid 17022, Evaluating effective community participation for successful completion of infrastructure projects /, 2018.
